Význam pôsobenia finančnej a prevádzkovej páky a jej využitie vo finančnom riadení podniku

V súčasnosti, kedy sú krajiny poznačené hospodárskou krízou nadobúda hodnotenie finančného zdravia podniku čoraz väčší význam. Zadlženosť podnikateľských subjektov ako jednou z kardinálnych zložiek finančnej rovnováhy a v rámci nej jej indikátor finančná páka participuje v elementárnych otázkach fin...

ver descrição completa

Na minha lista:
Detalhes bibliográficos
Autor principal: Jenčová, Sylvia
Outros Autores: Litavcová, Eva
Formato: Capítulo de Livro
Idioma:eslovaco
Assuntos:
Tags: Adicionar Tag
Sem tags, seja o primeiro a adicionar uma tag!

MARC

LEADER 00000nla$a2200000$$$4500
001 0143799
005 20231121083531.2
041 0 |a slo 
044 |a SK 
245 1 0 |a Význam pôsobenia finančnej a prevádzkovej páky a jej využitie vo finančnom riadení podniku  |c Sylvia Jenčová, Eva Litavcová 
520 |a V súčasnosti, kedy sú krajiny poznačené hospodárskou krízou nadobúda hodnotenie finančného zdravia podniku čoraz väčší význam. Zadlženosť podnikateľských subjektov ako jednou z kardinálnych zložiek finančnej rovnováhy a v rámci nej jej indikátor finančná páka participuje v elementárnych otázkach finančného riadenia podniku. Pôsobenie finančnej páky v podniku. 
610 2 0 |a výkazy finančné 
610 2 0 |a riadenie podnikové 
610 2 0 |a riadenie finančné 
610 2 0 |a diagnostika podniková 
610 2 0 |a ukazovatele rentability 
100 1 |a Jenčová, Sylvia 
700 1 |a Litavcová, Eva